Ochrana bezpečnosti výrobkov podľa právnej úpravy o technických požiadavkách na výrobky a o posudzovaní zhody

Zákon č. 264/1999 Z. z. o technických požiadavkách na výrobky a o posudzovaní zhody - právny predpis, ktorého cieľom je chrániť spotrebiteľa pred výrobkami, ktoré by mohli ohroziť život, zdravie, životné prostredie alebo majetok spotrebiteľa. Analýza uvedeného zákona. Požiadavky na výrobky. Pojem ur...

Celý popis

Uložené v:
Podrobná bibliografia
Hlavný autor: Veterníková, Mária, 1964-
Ďalší autori: Mišura, Ján
Médium: Kapitola
Jazyk:Slovak
Predmet:
Tagy: Pridať tag
Žiadne tagy, Buďte prvý, kto otaguje tento záznam!

MARC

LEADER 00000naa$a2200000$$$4500
001 0120288
005 20240502072340.2
041 0 |a slo 
044 |a SK 
245 1 0 |a Ochrana bezpečnosti výrobkov podľa právnej úpravy o technických požiadavkách na výrobky a o posudzovaní zhody  |c Mária Veterníková, Ján Mišura 
520 |a Zákon č. 264/1999 Z. z. o technických požiadavkách na výrobky a o posudzovaní zhody - právny predpis, ktorého cieľom je chrániť spotrebiteľa pred výrobkami, ktoré by mohli ohroziť život, zdravie, životné prostredie alebo majetok spotrebiteľa. Analýza uvedeného zákona. Požiadavky na výrobky. Pojem určené výrobky. Vyhlásenie o zhode. Posúdenie zhody autorizovanou osobou. Značky zhody a označenia. Dohľad nad dodržiavaním zákona. Uplatnenie právnej úpravy zákona o zhode v rozhodnutiach Slovenskej obchodnej inšpekcie. 
610 2 0 |a legislatíva 
610 2 0 |a zákony 
610 2 0 |a právo 
610 2 0 |a bezpečnosť výrobkov 
610 2 0 |a spotrebitelia 
610 2 0 |a ochrana zdravia 
610 2 0 |a posudzovanie zhody výrobkov 
610 2 0 |a normalizácia 
610 2 0 |a inšpekcia štátna 
100 1 |a Veterníková, Mária, 1964- 
700 1 |a Mišura, Ján